000 00533nam a22001577a 4500
020 _qHard Cover.
082 _a621.39
100 _aWaheed Awan, Zahra
245 _aRETINA RECOGNITION SYSTEM USING VASCULAR AND NON-VASCULAR BASED FEATURES /
_cZahra Waheed Awan
260 _aIslamabad :
_bCEME -NUST,
_c2015.
300 _aviii, 55 p. : ill. ;
_c30cm.
650 _aComputer Engineering-MS-Thesis
_916083
700 _aDr. Muhammad Usman Akram
_916084
942 _2ddc
_cTHE
999 _c540404
_d540404